| 000 | 00618cam a2200181 4500 | ||
|---|---|---|---|
| 001 | X110854 | ||
| 008 | 000000n2000 000 0 eng u | ||
| 035 | _a(Sirsi) u110854 | ||
| 245 | _aCarillion Construction Ltd v Felix (UK) Ltd | ||
| 260 | _c2000 | ||
| 490 |
_aConstruction Industry Law Letter _v[2000] CILL 1693-1696(4) |
||
| 520 | _aTCC 6 November 200. Economic duress with settlement agreement set aside (Taken from headnote) | ||
| 650 | _aCARILLION CONSTRUCTION V FELIX UK | ||
| 650 | _aECONOMIC DURESS | ||
| 650 | _aSETTLEMENT AGREEMENTS | ||
| 690 | _aBUILDING AND CONSTRUCTION-CASE LAW | ||
| 942 | _n0 | ||
| 999 |
_c66085 _d66085 |
||